000 00423nam a2200193Ia 4500
001 14206
003 GE_BSU
008 181216s||||||||xx |||||||||||||| ||und||
020 _a0140285539
040 _cGE_BSU
080 _a821.111-3
245 4 _aThe Day of the Triffids.
260 _aLondon
260 _bPenguin Books
260 _c1951
300 _a272p.18cm.
653 _aThe Day of the Triffids.
942 _cBK
999 _c47345
_d47345